000 00575nam a2200205Ia 4500
005 20260429112158.0
008 260429s9999||||xx |||||||||||||| ||und||
020 _a9781529619485
041 _aEnglish
082 _a370.711
_bTHO
100 _aThompson, Carol
245 0 _aTrainee teacher's handbook :
_ba companion for initial teacher training /
_cCarol Thompson
250 _a3rd ed.
260 _aLondon :
_bLearning Matters,
_c2024.
300 _avii, 316 p.; pbk
650 _a Training
650 _aTeachers
700 _a Wolstencroft, Peter
942 _cTB
999 _c52751
_d52751